<?xml version="1.0" encoding="UTF-8"?><?xml-stylesheet type="text/xsl" href="static/style.xsl"?><OAI-PMH xmlns="http://www.openarchives.org/OAI/2.0/" xmlns:xsi="http://www.w3.org/2001/XMLSchema-instance" xsi:schemaLocation="http://www.openarchives.org/OAI/2.0/ http://www.openarchives.org/OAI/2.0/OAI-PMH.xsd"><responseDate>2026-04-13T05:44:12Z</responseDate><request verb="GetRecord" identifier="oai:www.recercat.cat:2445/228546" metadataPrefix="marc">https://recercat.cat/oai/request</request><GetRecord><record><header><identifier>oai:recercat.cat:2445/228546</identifier><datestamp>2026-04-08T14:33:53Z</datestamp><setSpec>com_2072_1057</setSpec><setSpec>col_2072_478804</setSpec><setSpec>col_2072_478917</setSpec><setSpec>col_2072_478923</setSpec></header><metadata><record xmlns="http://www.loc.gov/MARC21/slim" xmlns:dcterms="http://purl.org/dc/terms/" xmlns:xsi="http://www.w3.org/2001/XMLSchema-instance" xmlns:doc="http://www.lyncode.com/xoai" xsi:schemaLocation="http://www.loc.gov/MARC21/slim http://www.loc.gov/standards/marcxml/schema/MARC21slim.xsd">
   <leader>00925njm 22002777a 4500</leader>
   <datafield ind2=" " ind1=" " tag="042">
      <subfield code="a">dc</subfield>
   </datafield>
   <datafield ind2=" " ind1=" " tag="720">
      <subfield code="a">Pérez Cano, Jordi</subfield>
      <subfield code="e">author</subfield>
   </datafield>
   <datafield ind2=" " ind1=" " tag="720">
      <subfield code="a">Gil Delgado, Alejandro</subfield>
      <subfield code="e">author</subfield>
   </datafield>
   <datafield ind2=" " ind1=" " tag="720">
      <subfield code="a">Oms, Oriol</subfield>
      <subfield code="e">author</subfield>
   </datafield>
   <datafield ind2=" " ind1=" " tag="720">
      <subfield code="a">Mercedes Martín, Ramon</subfield>
      <subfield code="e">author</subfield>
   </datafield>
   <datafield ind2=" " ind1=" " tag="260">
      <subfield code="c">2026-03-27T08:01:14Z</subfield>
   </datafield>
   <datafield ind2=" " ind1=" " tag="260">
      <subfield code="c">2026-03-27T08:01:14Z</subfield>
   </datafield>
   <datafield ind2=" " ind1=" " tag="260">
      <subfield code="c">2025-01-08</subfield>
   </datafield>
   <datafield ind2=" " ind1=" " tag="260">
      <subfield code="c">2026-03-27T08:01:14Z</subfield>
   </datafield>
   <datafield ind2=" " ind1=" " tag="520">
      <subfield code="a">The combined sedimentological and palaeoecological analysis of charophyte-rich carbonate microfacies is proven to be a useful methodology for the palaeoenvironmental reconstruction of continental settings. However, the integration of these charophyte assemblages with geochemical proxies has not been explored, yet. In the present work, the charophyte-rich muddy carbonates of the Barremian La Pedrera de Meià Konservat-Lagerstätte (Southern Pyrenees, Spain) were studied from a taxonomic, taphonomic, and palaeoecological viewpoint, and the results were later integrated with previously published paleoenvironmental proxies (δ13C, δ18O, and elemental geochemistry). In the studied locality, monospecific Echinochara sp.–Charaxis spicatus meadows are only found in the temporary lakes recorded in the lower stages of lake infilling. The high Al, K, Fe and Ti concentrations and δ18O values previously described in these carbonates indicate meteoric infilling followed by evaporation periods. Freshwater and brackish communities are found in the upper stage of lake infilling. Freshwater settings had mixed meadows with Atopochara–Clavatoraxis, Clavatoroidae utricles–Clavatoraxis, and Ascidiella–Favargerella plants, while the brackish environments, that occurred laterally to freshwater, contain meadows dominated by porocharacean– Charaxis sp., and Echinochara sp.–Charaxis spicatus plants. Miliolids and broken dasycladaceans also occur in these facies. Sr/Ba ratios, REE + Y concentrations, and δ18O values previously reported in these lacustrine carbonates indicate prevalence of freshwater environments with occasional marine influence, which agrees with the occurrence of distinct brackish and freshwater charophyte assemblage and marine-affinity organisms, suggesting that during the last stage of lake evolution, the system was part of a coastal wetland. This work demonstrates that the integration of geochemical, palaeontological and palaeoecological datasets improves the understanding of the fossil continental carbonate settings and their evolution.</subfield>
   </datafield>
   <datafield tag="653" ind2=" " ind1=" ">
      <subfield code="a">Paleogeografia</subfield>
   </datafield>
   <datafield tag="653" ind2=" " ind1=" ">
      <subfield code="a">Paleobiogeografia</subfield>
   </datafield>
   <datafield tag="653" ind2=" " ind1=" ">
      <subfield code="a">Bioestratigrafia</subfield>
   </datafield>
   <datafield tag="653" ind2=" " ind1=" ">
      <subfield code="a">Caròfits fòssils</subfield>
   </datafield>
   <datafield tag="653" ind2=" " ind1=" ">
      <subfield code="a">Paleoecologia</subfield>
   </datafield>
   <datafield tag="653" ind2=" " ind1=" ">
      <subfield code="a">Paleontologia</subfield>
   </datafield>
   <datafield tag="653" ind2=" " ind1=" ">
      <subfield code="a">Paleogeography</subfield>
   </datafield>
   <datafield tag="653" ind2=" " ind1=" ">
      <subfield code="a">Paleobiogeography</subfield>
   </datafield>
   <datafield tag="653" ind2=" " ind1=" ">
      <subfield code="a">Stratigraphic paleontology</subfield>
   </datafield>
   <datafield tag="653" ind2=" " ind1=" ">
      <subfield code="a">Fossil charophytes</subfield>
   </datafield>
   <datafield tag="653" ind2=" " ind1=" ">
      <subfield code="a">Paleoecology</subfield>
   </datafield>
   <datafield tag="653" ind2=" " ind1=" ">
      <subfield code="a">Paleontology</subfield>
   </datafield>
   <datafield ind2="0" ind1="0" tag="245">
      <subfield code="a">Paleoenvironmental constraints influencing charophyte communities in an Early Cretaceous Karstic Lake, La Pedrera de Meià Konservat-Lagerstätte (Southern Pyrenees): combining geochemical and palaeoecological analyses. </subfield>
   </datafield>
</record></metadata></record></GetRecord></OAI-PMH>